Гидрогеохимическая характеристика подземных вод в уезд Чодонь, провинции Ваккан (Вьетнам); Проблемы геологии и освоения недр; Т. 2
| Parent link: | Проблемы геологии и освоения недр: труды XX Международного симпозиума имени академика М. А. Усова студентов и молодых ученых, посвященного 120-летию со дня основания Томского политехнического университета, Томск, 4-8 апреля 2016 г./ Национальный исследовательский Томский политехнический университет (ТПУ), Институт природных ресурсов (ИПР) ; Общество инженеров-нефтяников, международная некоммерческая организация, Студенческий чаптер ; под ред. А. Ю. Дмитриева.— , 2016 Т. 2.— 2016.— [С. 196-198] |
|---|---|
| Hlavní autor: | |
| Korporativní autor: | |
| Další autoři: | |
| Shrnutí: | Заглавие с экрана На основе результатов исследований, выполненных в 2010-2015 гг., получена общая характеристика химического состава подземных вод в уезд Чодонь провинции Баккан, Вьетнам. Показано, что особенности пространственно-временных изменений химического состава подземных вод определяются геологическими условиями, внутригодовым распределением атмосферного увлажнения, а также локальным загрязнением окружающей среды в населённых пунктах и вблизи действующих и закрытых горнодобывающих предприятий. Наибольшие концентрации микроэлементов чаще всего отмечаются в пределах водосбора р. Бан Тхи, перспективного с точки зрения проведения геолого-разведочных работ, а внутри года - в период дождей. |
| Jazyk: | ruština |
| Vydáno: |
2016
|
| Edice: | Геоэкология, охрана и защита окружающей среды. Геоинформационные системы в геоэкологии |
| Témata: | |
| On-line přístup: | http://earchive.tpu.ru/handle/11683/31877 |
| Médium: | Elektronický zdroj Kapitola |
| KOHA link: | https://koha.lib.tpu.ru/cgi-bin/koha/opac-detail.pl?biblionumber=619894 |
MARC
| LEADER | 00000naa2a2200000 4500 | ||
|---|---|---|---|
| 001 | 619894 | ||
| 005 | 20231101133102.0 | ||
| 035 | |a (RuTPU)RU\TPU\conf\18345 | ||
| 035 | |a RU\TPU\conf\18344 | ||
| 090 | |a 619894 | ||
| 100 | |a 20160909d2016 k y0rusy50 ca | ||
| 101 | 0 | |a rus | |
| 102 | |a RU | ||
| 105 | |a y z 100zy | ||
| 135 | |a drgn ---uucaa | ||
| 181 | 0 | |a i | |
| 182 | 0 | |a b | |
| 200 | 1 | |a Гидрогеохимическая характеристика подземных вод в уезд Чодонь, провинции Ваккан (Вьетнам) |f Нгуен Ван Луен |g науч. рук. О. Г. Савичев | |
| 203 | |a Текст |c электронный | ||
| 225 | 1 | |a Геоэкология, охрана и защита окружающей среды. Геоинформационные системы в геоэкологии | |
| 230 | |a 1 компьютерный файл (pdf; 360 Kb) | ||
| 300 | |a Заглавие с экрана | ||
| 320 | |a [Библиогр.: с. 198 (6 назв.)] | ||
| 330 | |a На основе результатов исследований, выполненных в 2010-2015 гг., получена общая характеристика химического состава подземных вод в уезд Чодонь провинции Баккан, Вьетнам. Показано, что особенности пространственно-временных изменений химического состава подземных вод определяются геологическими условиями, внутригодовым распределением атмосферного увлажнения, а также локальным загрязнением окружающей среды в населённых пунктах и вблизи действующих и закрытых горнодобывающих предприятий. Наибольшие концентрации микроэлементов чаще всего отмечаются в пределах водосбора р. Бан Тхи, перспективного с точки зрения проведения геолого-разведочных работ, а внутри года - в период дождей. | ||
| 461 | 1 | |0 (RuTPU)RU\TPU\conf\17456 |t Проблемы геологии и освоения недр |o труды XX Международного симпозиума имени академика М. А. Усова студентов и молодых ученых, посвященного 120-летию со дня основания Томского политехнического университета, Томск, 4-8 апреля 2016 г. |o в 2 т. |f Национальный исследовательский Томский политехнический университет (ТПУ), Институт природных ресурсов (ИПР) ; Общество инженеров-нефтяников, международная некоммерческая организация, Студенческий чаптер ; под ред. А. Ю. Дмитриева |d 2016 | |
| 463 | 1 | |0 (RuTPU)RU\TPU\conf\17458 |t Т. 2 |v [С. 196-198] |d 2016 | |
| 610 | 1 | |a труды учёных ТПУ | |
| 610 | 1 | |a электронный ресурс | |
| 610 | 1 | |a гидрогеохимические характеристики | |
| 610 | 1 | |a подземные воды | |
| 610 | 1 | |a Вьетнам | |
| 610 | 1 | |a химический состав | |
| 610 | 1 | |a загрязнения | |
| 610 | 1 | |a загрязненные подземные воды | |
| 610 | 1 | |a горнодобывающие предприятия | |
| 610 | 1 | |a геолого-разведочные работы | |
| 700 | 0 | |a Нгуен Ван Луен | |
| 702 | 1 | |a Савичев |b О. Г. |c геолог |c профессор Томского политехнического университета, доктор географических наук |f 1967- |g Олег Геннадьевич |2 stltpush |4 727 | |
| 712 | 0 | 2 | |a Национальный исследовательский Томский политехнический университет (ТПУ) |b Институт природных ресурсов (ИПР) |b Кафедра гидрогеологии, инженерной геологии и гидрогеоэкологии (ГИГЭ) |h 100 |2 stltpush |3 (RuTPU)RU\TPU\col\18664 |
| 801 | 2 | |a RU |b 63413507 |c 20160929 |g RCR | |
| 856 | 4 | |u http://earchive.tpu.ru/handle/11683/31877 | |
| 942 | |c BK | ||